LEADER 01257nam 2200349 n 450 001 996391970103316 005 20221108105239.0 035 $a(CKB)1000000000675497 035 $a(EEBO)2240868264 035 $a(UnM)99835954 035 $a(EXLCZ)991000000000675497 100 $a19900820d1623 uy | 101 0 $aeng 135 $aurbn||||a|bb| 200 02$aA sermon dedicatory$b[electronic resource] $ePreached at the consecration of of the chapell of Epping in Essex, October, 28. 1622. By Ier. Dyke, minister there 210 $aLondon $cPrinted by I[ohn] D[awson] for Nathanael Newbery, and are to be sold at his shop vnder Saint Peters Church in Cornehill, and in Popes-head Alley, at the signe of the Stare$d1623 215 $a[4], 29, [1] p 300 $aOn Exodus XX, 24. 300 $aPrinter's name from STC. 300 $aReproduction of the original in the British Library. 330 $aeebo-0018 606 $aSermons, English$y17th century 615 0$aSermons, English 700 $aDyke$b Jeremiah$f1584-1639.$01001094 801 0$bCu-RivES 801 1$bCu-RivES 801 2$bCStRLIN 801 2$bWaOLN 906 $aBOOK 912 $a996391970103316 996 $aA sermon dedicatory$92312298 997 $aUNISA LEADER 04074nam 2201033 a 450 001 9910778131303321 005 20230721031614.0 010 $a0-8147-8468-2 010 $a0-8147-9507-2 010 $a1-4294-9025-X 024 7 $a10.18574/nyu/9780814795071 035 $a(CKB)1000000000476574 035 $a(EBL)866125 035 $a(OCoLC)779828428 035 $a(SSID)ssj0000139538 035 $a(PQKBManifestationID)11147738 035 $a(PQKBTitleCode)TC0000139538 035 $a(PQKBWorkID)10011013 035 $a(PQKB)11756762 035 $a(MiAaPQ)EBC866125 035 $a(OCoLC)170703891 035 $a(MdBmJHUP)muse10196 035 $a(Au-PeEL)EBL866125 035 $a(CaPaEBR)ebr10172690 035 $a(DE-B1597)548017 035 $a(DE-B1597)9780814795071 035 $a(EXLCZ)991000000000476574 100 $a20060915d2007 uy 0 101 0 $aeng 135 $aur|n|---||||| 181 $ctxt 182 $cc 183 $acr 200 10$aDisability harassment$b[electronic resource] /$fMark C. Weber 210 $aNew York $cNew York University Press$dc2007 215 $a1 online resource (231 p.) 225 1 $aCritical America Series 300 $aDescription based upon print version of record. 311 $a0-8147-9405-X 320 $aIncludes bibliographical references (p. 141-211) and index. 327 $aHarassment narratives -- Harassment, exclusion, and equality -- Comparisons to race and sex harassment -- A new approach to legal claims for harassment in the workplace and other settings -- Liability for harassment in the public schools -- New approaches to liability for harassment in the public schools -- Common law remedies for disability harassment -- Constitutional objections to anti-harassment policies -- An agenda for legal and social change. 330 $aBuilding on the insights of both disability studies and civil rights scholars, Mark C. Weber frames his examination of disability harassment on the premise that disabled people are members of a minority group that must negotiate an artificial yet often damaging environment of physical and attitudinal barriers. The book considers courts' approaches to the problem of disability harassment, particularly the application of an analogy to race and sex harassment and the development of legal remedies and policy reforms under the Americans with Disabilities Act (ADA). While litigation under the ADA ha 410 0$aCritical America Series 606 $aDiscrimination against people with disabilities$xLaw and legislation$zUnited States 606 $aHarassment$xLaw and legislation$zUnited States 606 $aPeople with disabilities$xLegal status, laws, etc$zUnited States 606 $aStudents with disabilities$xLegal status, laws, etc$zUnited States 610 $aBuilding. 610 $aMark. 610 $aWeber. 610 $aartificial. 610 $aattitudinal. 610 $abarriers. 610 $aboth. 610 $acivil. 610 $adamaging. 610 $adisability. 610 $adisabled. 610 $aenvironment. 610 $aexamination. 610 $aframes. 610 $agroup. 610 $aharassment. 610 $ainsights. 610 $amembers. 610 $aminority. 610 $amust. 610 $anegotiate. 610 $aoften. 610 $apeople. 610 $aphysical. 610 $apremise. 610 $arights. 610 $ascholars. 610 $astudies. 610 $athat. 615 0$aDiscrimination against people with disabilities$xLaw and legislation 615 0$aHarassment$xLaw and legislation 615 0$aPeople with disabilities$xLegal status, laws, etc. 615 0$aStudents with disabilities$xLegal status, laws, etc. 676 $a342.7308/7 700 $aWeber$b Mark C.$f1953-$01570248 801 0$bMiAaPQ 801 1$bMiAaPQ 801 2$bMiAaPQ 906 $aBOOK 912 $a9910778131303321 996 $aDisability harassment$93843739 997 $aUNINA